000
00193 a2200097 4500
001
2410
100
_a
Zarens,L
245
_a
New Era of flight
260
_a
_b
EP Dulton
_c
090
_c
1751
_d
1751
942
_a
NUST-CAE
_c
M
_c
8347
999
_c
237483
_d
237483